[Event "HUN-chT2 Szechenyi 1011"]
[Site "Hungary"]
[Date "2010.10.10"]
[Round "3.12"]
[White "Berecki, Erno"]
[Black "Kaufmann, Peter"]
[Result "0-1"]
[WhiteElo "1629"]
[BlackElo "1650"]
[PlyCount "120"]
[EventDate "2010.09.12"]
[EventType "team-tourn"]
[EventRounds "11"]
[EventCountry "HUN"]
[SourceTitle "EXT 2012"]
[Source "ChessBase"]
[SourceDate "2011.11.24"]
[SourceVersion "1"]
[SourceVersionDate "2011.11.24"]
[SourceQuality "1"]
[WhiteTeam "Lovo"]
[BlackTeam "Tapolca"]
[WhiteTeamCountry "HUN"]
[BlackTeamCountry "HUN"]

1. e4 c5 2. Nf3 a6 3. d4 cxd4 4. Nxd4 Nf6 5. Nc3 e5 6. Nf3 Bb4 7. Nxe5 0-0 8. Bd3 Re8 9. f4 d6 10. Nf3 Nxe4 11. Bxe4 Rxe4+ 12. Kf1 Bxc3 13. bxc3 Qc7 14. Qd3 Bf5 15. Qd2 Qc4+ 16. Kf2 Nc6 17. Ng5 Re7 18. Ba3 Rae8 19. Rhe1 Rxe1 20. Rxe1 Rxe1 21. Qxe1 Qxf4+ 22. Nf3 Ne5 23. Bxd6 Ng4+ 24. Kg1 Qxd6 25. h3 Nf6 26. Nd4 Bg6 27. Qe3 h6 28. Qf3 Qb6 29. Kh2 Be4 30. Qf4 Qa5 31. Qf2 Qxc3 32. a4 Qb4 33. Nf5 Bxf5 34. Qxf5 Qd6+ 35. Kh1 Qd5 36. Qf1 Ne4 37. Qf3 Qc6 38. Qf4 Ng5 39. Qf5 Qe4 40. Qc8+ Kh7 41. a5 Ne6 42. Qc3 Nf4 43. Qg3 Qxg2+ 44. Qxg2 Nxg2 45. Kxg2 Kg6 46. Kf3 Kf5 47. Ke3 Ke5 48. c4 f5 49. h4 g5 50. h5 f4+ 51. Kd3 g4 52. Kc3 g3 53. Kb4 g2 54. c5 g1Q 55. c6 Qd4+ 56. Kb3 bxc6 57. Ka3 Qc4 58. Kb2 Kd4 59. Ka3 Qb5 60. Ka2 Kc3 0-1